[Event "Voronezh op-B 22nd"]
[Site "Voronezh"]
[Date "2018.06.18"]
[Round "7"]
[White "Garafutdinov, Ainur"]
[Black "Grekhov, Luka"]
[Result "1-0"]
[WhiteElo "2122"]
[BlackElo "1955"]
[PlyCount "79"]
[EventDate "2018.06.12"]
[EventType "swiss"]
[EventRounds "9"]
[EventCountry "RUS"]
[SourceTitle "CBM 185 Extra"]
[Source "ChessBase"]
[SourceDate "2018.07.29"]
[SourceVersion "1"]
[SourceVersionDate "2018.07.29"]
[SourceQuality "1"]

1. e4 c5 2. d3 Nc6 3. g3 g6 4. Bg2 Bg7 5. c3 e6 6. Be3 b6 7. Ne2 Nge7 8. Qd2 0-0 9. Bh6 d5 10. Bxg7 Kxg7 11. d4 cxd4 12. Nxd4 dxe4 13. Bxe4 Bb7 14. f4 Rb8 15. Nxc6 Bxc6 16. Bxc6 Qxd2+ 17. Nxd2 Nxc6 18. 0-0-0 Rbd8 19. Ne4 Rxd1+ 20. Rxd1 Rd8 21. Rxd8 Nxd8 22. b4 b5 23. a4 bxa4 24. Kb2 f5 25. Ng5 h6 26. Nf3 Kf6 27. Ka3 g5 28. Kxa4 Nf7 29. c4 e5 30. fxe5+ Nxe5 31. Nxe5 Kxe5 32. Kb3 f4 33. gxf4+ Kxf4 34. c5 Ke5 35. Kc4 g4 36. b5 h5 37. b6 axb6 38. cxb6 Kd6 39. Kb5 h4 40. Ka6 1-0

[Event "Voronezh op-B 22nd"]
[Site "Voronezh"]
[Date "2018.06.14"]
[Round "3"]
[White "Garafutdinov, Ainur"]
[Black "Bruyatskaya, Marina"]
[Result "1/2-1/2"]
[WhiteElo "2122"]
[BlackElo "2026"]
[PlyCount "111"]
[EventDate "2018.06.12"]
[EventType "swiss"]
[EventRounds "9"]
[EventCountry "RUS"]
[SourceTitle "CBM 185 Extra"]
[Source "ChessBase"]
[SourceDate "2018.07.29"]
[SourceVersion "1"]
[SourceVersionDate "2018.07.29"]
[SourceQuality "1"]

1. e4 c6 2. d4 d5 3. Nc3 dxe4 4. Nxe4 Nf6 5. Nxf6+ exf6 6. Nf3 Bd6 7. Bd3 0-0 8. 0-0 Bg4 9. h3 Bh5 10. Be4 Bc7 11. Qd3 Bg6 12. Bxg6 hxg6 13. b3 Na6 14. Ba3 Re8 15. c4 Qd7 16. Rfe1 Rad8 17. Rad1 Rxe1+ 18. Rxe1 Bd6 19. Bxd6 Qxd6 20. Qe4 Nc7 21. Qe7 Qd7 22. Qxd7 Rxd7 23. Rd1 Ne6 24. Rd2 f5 25. h4 f6 26. Kf1 Kf7 27. g3 Nc7 28. Ke2 Ne8 29. Kd3 Nd6 30. Re2 Ne4 31. Nd2 Nc5+ 32. Kc3 Ne6 33. Nf3 Nc7 34. a4 Re7 35. Rb2 a5 36. b4 axb4+ 37. Kxb4 b6 38. Kc3 Na8 39. c5 bxc5 40. dxc5 Ra7 41. Ra2 Ke6 42. Kc4 Nc7 43. Nd4+ Kd7 44. a5 Ra6 45. Rd2 Nd5 46. Nxc6 Kxc6 47. Rxd5 Rxa5 48. Rd6+ Kc7 49. Kd5 Ra2 50. Ke6 Rxf2 51. Rd7+ Kc6 52. Rxg7 Rg2 53. Rxg6 f4 54. Kxf6 Rxg3 55. h5 Rxg6+ 56. hxg6 1/2-1/2

[Event "Voronezh op-B 22nd"]
[Site "Voronezh"]
[Date "2018.06.13"]
[Round "2"]
[White "Malinin, Sergey Alekseevich"]
[Black "Garafutdinov, Ainur"]
[Result "0-1"]
[WhiteElo "1953"]
[BlackElo "2122"]
[PlyCount "72"]
[EventDate "2018.06.12"]
[EventType "swiss"]
[EventRounds "9"]
[EventCountry "RUS"]
[SourceTitle "CBM 185 Extra"]
[Source "ChessBase"]
[SourceDate "2018.07.29"]
[SourceVersion "1"]
[SourceVersionDate "2018.07.29"]
[SourceQuality "1"]

1. d4 f5 2. g3 d6 3. Bg2 c6 4. Nh3 g6 5. 0-0 Nf6 6. Nf4 Bg7 7. c3 0-0 8. Qb3+ Kh8 9. Ne6 Bxe6 10. Qxe6 Na6 11. Qb3 Qc7 12. Nd2 e5 13. Nc4 Rad8 14. a4 Rfe8 15. Re1 exd4 16. cxd4 Nh5 17. Bg5 Rd7 18. Rad1 d5 19. Na3 h6 20. Bc1 f4 21. Bf3 fxg3 22. hxg3 Nxg3 23. Bg4 Nf5 24. Qh3 Rf7 25. Bxf5 gxf5 26. Bxh6 Bxh6 27. Qxh6+ Rh7 28. Qf6+ Kg8 29. e3 Qh2+ 30. Kf1 Qh5 31. Qd6 Nc7 32. Nb1 Re6 33. Qd8+ Ne8 34. Nd2 f4 35. Qc8 Qg4 36. f3 Rh1+ 0-1

[Event "Voronezh op-B 22nd"]
[Site "Voronezh"]
[Date "2018.06.12"]
[Round "1"]
[White "Garafutdinov, Ainur"]
[Black "Makarov, Anton"]
[Result "1-0"]
[WhiteElo "2122"]
[BlackElo "1787"]
[PlyCount "57"]
[EventDate "2018.06.12"]
[EventType "swiss"]
[EventRounds "9"]
[EventCountry "RUS"]
[SourceTitle "CBM 185 Extra"]
[Source "ChessBase"]
[SourceDate "2018.07.29"]
[SourceVersion "1"]
[SourceVersionDate "2018.07.29"]
[SourceQuality "1"]

1. e4 c6 2. d4 d5 3. Nc3 dxe4 4. Nxe4 Nd7 5. Bc4 Ngf6 6. Ng5 e6 7. Qe2 Nb6 8. Bb3 h6 9. N5f3 Bd6 10. Ne5 a5 11. c3 a4 12. Bc2 Bd7 13. Ngf3 c5 14. Be3 cxd4 15. Bxd4 Qc7 16. Rd1 Bc5 17. 0-0 a3 18. b3 Bxd4 19. Nxd4 0-0 20. c4 Bc6 21. Nexc6 bxc6 22. Be4 Nxe4 23. Qxe4 Rac8 24. Rd3 Rfd8 25. Rfd1 Rd7 26. g3 Rcd8 27. Nc2 Rxd3 28. Rxd3 Rxd3 29. Qxd3 1-0

[Event "Nezhmetdinov Memorial 38th"]
[Site "Kazan"]
[Date "2016.06.05"]
[Round "6"]
[White "Zharkov, Nikolay"]
[Black "Garafutdinov, Ainur"]
[Result "1/2-1/2"]
[WhiteElo "1629"]
[BlackElo "2044"]
[PlyCount "116"]
[EventDate "2016.05.31"]
[EventType "swiss"]
[EventRounds "9"]
[EventCountry "RUS"]
[SourceTitle "CBM 172 Extra"]
[Source "ChessBase"]
[SourceDate "2016.06.21"]
[SourceVersion "1"]
[SourceVersionDate "2016.06.21"]
[SourceQuality "1"]

1. Nf3 f5 2. e4 fxe4 3. Ng5 Nf6 4. d3 e6 5. Nxe4 Nxe4 6. dxe4 g6 7. Bd3 Bg7 8. 0-0 0-0 9. c3 Nc6 10. Be3 Ne5 11. Bc2 b6 12. Nd2 Ba6 13. Re1 Nd3 14. Bxd3 Bxd3 15. f3 Ba6 16. a4 Qe7 17. a5 Qf7 18. Qc2 d5 19. Bf2 Bb7 20. b4 Rfc8 21. Rab1 bxa5 22. bxa5 c5 23. Nb3 Bf8 24. Qe2 Rc6 25. e5 Ba6 26. Qe3 Qc7 27. h4 Rb8 28. h5 gxh5 29. Qg5+ Qg7 30. Qxh5 Bd3 31. Nd4 Rxb1 32. Nxc6 Rxe1+ 33. Bxe1 Bg6 34. Qg4 Qd7 35. Nxa7 Qxa7 36. Qxe6+ Bf7 37. Qb6 Qa8 38. a6 d4 39. cxd4 cxd4 40. e6 Be8 41. Qxd4 Qc6 42. Kh2 Qd6+ 43. Qxd6 Bxd6+ 44. Bg3 Bc5 45. Bh4 Bb5 46. f4 Bxa6 47. f5 Bd3 48. g4 Kf8 49. Bf6 Be7 50. Bxe7+ Kxe7 51. Kg3 Kf6 52. Kh4 Bb5 53. Kh5 Kg7 54. g5 Be2+ 55. Kh4 h6 56. f6+ Kg6 57. gxh6 Kxf6 58. e7 Bb5 1/2-1/2

[Event "Nezhmetdinov Memorial 38th"]
[Site "Kazan"]
[Date "2016.06.03"]
[Round "4"]
[White "Sargissyan, Sargis"]
[Black "Garafutdinov, Ainur"]
[Result "1-0"]
[WhiteElo "2340"]
[BlackElo "2044"]
[PlyCount "141"]
[EventDate "2016.05.31"]
[EventType "swiss"]
[EventRounds "9"]
[EventCountry "RUS"]
[SourceTitle "CBM 172 Extra"]
[Source "ChessBase"]
[SourceDate "2016.06.21"]
[SourceVersion "1"]
[SourceVersionDate "2016.06.21"]
[SourceQuality "1"]

1. e4 e5 2. Nf3 Nc6 3. Bb5 Nf6 4. d3 d6 5. 0-0 Be7 6. c3 0-0 7. Nbd2 Bd7 8. Re1 Re8 9. Nf1 Bf8 10. Ng3 g6 11. h3 Bg7 12. Ba4 Qe7 13. d4 Nd8 14. Bc2 Rf8 15. Be3 Ne8 16. Qd2 f6 17. Nh2 Nf7 18. f4 c6 19. Bb3 Be6 20. f5 Bxb3 21. axb3 b6 22. dxe5 Nxe5 23. Bxb6 Qb7 24. Bd4 Qxb3 25. Ra3 Qb7 26. b3 Nc7 27. c4 Rfd8 28. Rd1 Rf8 29. Qe3 a6 30. Nf3 Rfd8 31. Raa1 Rab8 32. Rab1 Ne8 33. Bc3 Qe7 34. Nd4 Rb7 35. Ne6 Rdb8 36. Bxe5 dxe5 37. Nc5 Bh6 38. Qf2 Ra7 39. Rd3 Bf8 40. Ne6 Rab7 41. Qe3 Ng7 42. Nxf8 Qxf8 43. Rbd1 Qe7 44. Kh2 g5 45. Qf3 Kh8 46. R1d2 Ne8 47. Qd1 Qb4 48. Rd7 Rxd7 49. Rxd7 Ng7 50. Rd8+ Ne8 51. Rd7 Qf8 52. Qh5 Qg8 53. Qh6 c5 54. Nh5 Rb6 55. Re7 Rc6 56. Rd7 Rb6 57. Ra7 Rc6 58. Rd7 Rb6 59. Kh1 Rc6 60. Ng3 Ng7 61. Ne2 Qf8 62. Nc3 Rb6 63. Rc7 Qg8 64. Nd5 Ne8 65. Rxc5 Qg7 66. Qxg7+ Kxg7 67. Rc8 Kf7 68. c5 Rb7 69. c6 Ra7 70. c7 Nd6 71. Rd8 1-0